01013nam a22002777a 450000500170000001000130001702000240003003500130005403700160006704000120008308200120009510000230010724500490013024600060017926000480018527000480023330000200028150000610030165000280036265000330039065000530042365000520047694200260052899900190055495201620057320170124105924.0 aA-334406 c200.00a81710005255 aA-334406 bCen Lib/Ret aDPLbEN a320.954 aGehlot, N.S.95718 aTrends in indian politics /cby N.S. Gehlot  b  bDeep & Deep Publications c1988aNew Delhi  bNew Delhi e110027aD-1/24, rajouri garden  a326p.c21cm(Hb) aIncludes appendix, bibliographical references and index  aPolitical Science95719 aPolitical development 95720 aराजनीति विज्ञान9442 a राजनीतिक विकास91291 2ddccENh320.954mGEH c123383d123383 04104070aLbLd2015-06-05eCen Lib/Retg0.00l0o320.954 GEHpA-334406r2015-06-05 00:00:00t1v0.00w2015-06-05yENzW/d List No. 6856/10; dtd 30/07/2020